Environmental law and policy (Record no. 396153)

MARC details
000 -LEADER
fixed length control field 00578 a2200205 4500
005 - DATE & TIME
control field 20260218112636.0
008 - FIXED-LENGTH DATA ELEMENTS--GENERAL INFORMATION
fixed length control field 260218b |||||||| |||| 00| 0 eng d
020 ## - ISBN
International Standard Book Number 9789385719066
Price Rs. 795.00
040 ## - CATALOGING SOURCE
Original cataloging agency VIVEKANANDA LIBRARY
082 ## - DDC NUMBER
Classification number 344.046
Book Number G558E
100 ## - MAIN ENTRY--PERSONAL NAME
Personal name Gogoi, Chitta Ranjan, ed.
245 ## - TITLE STATEMENT
Title Environmental law and policy
260 ## - PUBLICATION, DISTRIBUTION, ETC. (IMPRINT)
Name of publisher, distributor, etc Delta Book World
Date of publication, distribution, etc 2018
Place of publication, distribution, etc New Delhi
300 ## - PHYSICAL DESCRIPTION
Pages 211
650 ## - Subject
Subject Environmental Policy
650 ## - Subject
Subject Natural Resources- Law and Legislation
650 ## - Subject
Subject Pollution- Law
650 ## - Subject
Subject Environmental Protection- Law
942 ## - ADDED ENTRY ELEMENTS (KOHA)
Koha item type Books
Holdings
Withdrawn status Lost status Source of classification or shelving scheme Damaged status Not for loan Location (home branch) Sublocation or collection (holding branch) Shelving location Date acquired Koha issues (times borrowed) Koha full call number Accession No. Koha date last seen Koha item type
    Dewey Decimal Classification     VIVEKANANDA LIBRARY VIVEKANANDA LIBRARY Law Library 04/02/2026   344.046 G558E 377916 04/02/2026 Books
    Dewey Decimal Classification     VIVEKANANDA LIBRARY VIVEKANANDA LIBRARY Law Library 04/02/2026   344.046 G558E 377914 04/02/2026 Books
    Dewey Decimal Classification     VIVEKANANDA LIBRARY VIVEKANANDA LIBRARY Law Library 04/02/2026   344.046 G558E 377915 04/02/2026 Books
© Designed and Maintained by Vivekananda Library, MDU Rohtak